Šedá ekonomika ako kauzálna veličina príčin vzniku krízy

Tieňová ekonomika z pohľadu štátnej oficiálnej štatistiky. Charakteristiky a prepojenie na národné účty. Faktory ovplyvňujúce daňové úniky. Efektivita výberu daní.

Gespeichert in:
Bibliographische Detailangaben
1. Verfasser: Grisáková, Nora, 1978-
Format: Buchkapitel
Sprache:Slowakisch
Schlagworte:
Tags: Tag hinzufügen
Keine Tags, Fügen Sie das erste Tag hinzu!

MARC

LEADER 00000nla a2200000 4500
001 0226650
005 20240523121357.9
041 0 |a slo 
044 |a SK 
245 1 0 |a Šedá ekonomika ako kauzálna veličina príčin vzniku krízy  |c Nora Grisáková 
520 |a Tieňová ekonomika z pohľadu štátnej oficiálnej štatistiky. Charakteristiky a prepojenie na národné účty. Faktory ovplyvňujúce daňové úniky. Efektivita výberu daní. 
610 2 0 |a ekonomika tieňová 
610 2 0 |a kríza 
610 2 0 |a štatistika 
610 2 0 |a účty národné 
610 2 0 |a dane 
610 2 0 |a únik daňový 
100 1 |a Grisáková, Nora, 1978-